Formación de educadores
Guardat en:
| Autor principal: | |
|---|---|
| Format: | Llibre |
| Idioma: | espanyol |
| Publicat: |
Santiago
CPEIP
1990
|
| Edició: | 1a. ed |
| Col·lecció: | Proyecto de Perfeccionamiento de Equipos Directivos Superiores
|
| Matèries: | |
| Etiquetes: |
Afegir etiqueta
Sense etiquetes, Sigues el primer a etiquetar aquest registre!
|
MARC
| LEADER | 00000nam a2200000 a 4500 | ||
|---|---|---|---|
| 001 | UCH2650 | ||
| 003 | CL-VaPUC | ||
| 008 | 090618e19900000CL |||||||||||||||||spa|d | ||
| 082 | 0 | 4 | |a 371.1 |b CAS |2 21 |
| 100 | 0 | |a Castillo Inzulza, Gabriel |e author |9 537626 | |
| 245 | 1 | 0 | |a Formación de educadores |
| 250 | |a 1a. ed | ||
| 300 | |a 55 p | ||
| 942 | |c BK | ||
| 945 | |d 20090618 00:00:00 |a dcastane | ||
| 260 | |a Santiago |b CPEIP |c 1990 | ||
| 650 | 7 | |a FORMACION PROFESIONAL DEL DOCENTE |2 CL-VaPUC |9 462587 | |
| 650 | 0 | |a Educación universitaria |9 382885 | |
| 650 | 0 | |a Vocación |9 328817 | |
| 650 | 0 | |a Planificación del currículo |9 269599 | |
| 651 | 7 | |a CHILE |2 CL-VaPUC |9 537627 | |
| 583 | |a last modification |c 20090618 00:00:00 |k Rodrigo Vera | ||
| 490 | 0 | |a Proyecto de Perfeccionamiento de Equipos Directivos Superiores | |
| 999 | |c 334371 |d 334369 | ||
| 952 | |0 0 |1 0 |4 0 |6 371_100000000000000_CAS_1990 |7 0 |8 P |9 423358 |a BIBEDU |b BIBEDU |c BIBEDU_PB |d 2019-11-22 |i 4563670 |o 371.1 CAS 1990 |p 4563670 |r 2024-01-25 |w 2019-11-22 |y BK |k EBA | ||
| 952 | |0 0 |1 0 |4 0 |6 371_100000000000000_CAS_1990 |7 0 |8 P |9 423359 |a BIBEDU |b BIBEDU |c BIBEDU_PB |d 2019-11-22 |i 4595300 |o 371.1 CAS 1990 |p 4595300 |r 2024-01-25 |w 2019-11-22 |y BK |k BME | ||